Arany Adalbert László nyelvészprofesszor és múzeumigazgató emlékezete

Bibliographic Details
Main Author: Kovács, Ágnes, 1971- (Author)
Format: Article
Language:Hungarian
PhysicalDescription:Fotogr.
ISBN:17854946
Subjects:

MARC

LEADER 00000naa a2200000 a 4500
001 vtls010573582
003 SK-MaSNL
005 20260319074739.0
008 140505c2006 xo 00 0 hun
015 |a SNBRA2014/01  |2 rvgkpd 
038 |a RVGKPD 
040 |a RVGKPD  |b slo  |c RVGKPD  |e AACR2 
041 0 |a hun 
044 |a xo  |c SK 
080 |a 81-051  |x (437.6)  |2 1997 
080 |a 929 Arany Adalbert, Ladislav  |2 1997 
080 |a 069.02:622-051  |x (437.6)  |2 1997 
100 1 |a Kovács, Ágnes,  |d 1971-  |4 aut  |9 751589 
245 1 0 |a Arany Adalbert László nyelvészprofesszor és múzeumigazgató emlékezete  |c Kovács Ágnes 
300 |b Fotogr. 
504 |a Lit. 
600 1 7 |a Arany, Adalbert Ladislav,  |d 1909-1967  |2 rvgkpd  |9 37335 
650 0 7 |a lingvisti  |2 rvgkpd  |9 119182 
651 7 |a Betliar (Slovensko)  |2 rvgkpd  |9 20285 
651 7 |a Rožňava (Slovensko)  |2 rvgkpd  |9 17394 
773 0 |t Az érc- és ásványbányászati múzeum közleményei, 3. / szerk. Hadobás Sándor  |d Rudabánya : Érc- és Ásványbányászati Múzeum, 2006  |g S. 130-135  |z 17854946 
852 |a RVGKPD  |b KIS3G 
992 |a RZB 
999 |c 1347813  |d 1349743